A week by the sea

Bibliographic Details
Main Authors: Viney, Peter (Author), Viney, Karen (Author)
Format: Book
Published: Oxford : Oxford University Press , 1987
Series:Streamline English video
Subjects:

MARC

LEADER 00000cam a2200000 7i4500
001 0000008730
005 20080417093000.0
008 021119s1987
020 |a 0194580210 (activity book) 
020 |a 0194580229 (video guide) 
020 |a 0194580237 (video 1) 
020 |a 0194580245 (video 2) 
090 0 0 |a PE1073.5   |b .V53 kit 
100 1 |a Viney, Peter ,   |e author 
245 1 2 |a A week by the sea   |c Peter Viney & Karen Viney 
260 2 |a Oxford :   |b Oxford University Press ,   |c 1987 
300 |a 2 videocassettes ;   |c sd., col.   |e 2 v. ( 80 p., 30 cm.) 
440 0 |a Streamline English video 
650 0 |a English language   |x Video recordings for foreign speakers 
700 1 |a Viney, Karen ,   |e author 
999 |a 1000003964   |b Video Tape   |c Close Access   |e Gong Badak Campus 
999 |a 1000003965   |b Video Tape   |c Close Access   |e Gong Badak Campus 
999 |a 1000003966   |b Book   |c OPEN SHELF (30 DAYS)   |e Gong Badak Campus 
999 |a 1000003967   |b Book   |c OPEN SHELF (30 DAYS)   |e Gong Badak Campus